<?xml version="1.0" encoding="UTF-8"?>
<record
    xmlns:xsi="http://www.w3.org/2001/XMLSchema-instance"
    xsi:schemaLocation="http://www.loc.gov/MARC21/slim http://www.loc.gov/standards/marcxml/schema/MARC21slim.xsd"
    xmlns="http://www.loc.gov/MARC21/slim">

  <leader>05209namaa22004451i 4500</leader>
  <controlfield tag="003">EG-GICUC</controlfield>
  <controlfield tag="005">20260503214907.0</controlfield>
  <controlfield tag="008">260503s2025    ua a|||frm||| 000 0 eng d</controlfield>
  <datafield tag="040" ind1=" " ind2=" ">
    <subfield code="a">EG-GICUC</subfield>
    <subfield code="b">eng</subfield>
    <subfield code="c">EG-GICUC</subfield>
    <subfield code="d">EG-GICUC</subfield>
    <subfield code="e">rda</subfield>
  </datafield>
  <datafield tag="041" ind1="0" ind2=" ">
    <subfield code="a">eng</subfield>
    <subfield code="b">eng</subfield>
    <subfield code="b">ara</subfield>
  </datafield>
  <datafield tag="049" ind1=" " ind2=" ">
    <subfield code="a">Deposit</subfield>
  </datafield>
  <datafield tag="082" ind1="0" ind2="4">
    <subfield code="a">617.00951</subfield>
  </datafield>
  <datafield tag="092" ind1=" " ind2=" ">
    <subfield code="a">617.00951</subfield>
    <subfield code="2">21</subfield>
  </datafield>
  <datafield tag="097" ind1=" " ind2=" ">
    <subfield code="a">Ph.D</subfield>
  </datafield>
  <datafield tag="099" ind1=" " ind2=" ">
    <subfield code="a">Cai01.11.14.Ph.D.2025.No.U</subfield>
  </datafield>
  <datafield tag="100" ind1="0" ind2=" ">
    <subfield code="a">Nouh Ali Mohammed Abd El-Wahab,</subfield>
    <subfield code="e">preparation.</subfield>
  </datafield>
  <datafield tag="245" ind1="1" ind2="0">
    <subfield code="a">Comparative Study between Laparoscopic sleeve gastrectomy (LSG) versus Single Anastomosis Sleeve (SASI): </subfield>
    <subfield code="b">A Prospective Cohort Study /</subfield>
    <subfield code="c">by Nouh Ali Mohammed Abd El-Wahab ; Supervised Prof. Dr. Moataz Mohammed Aboelazam, Dr. Ahmed Gamal Eldin Safina, Dr. Mohanned Ali Fayed. </subfield>
  </datafield>
  <datafield tag="246" ind1="1" ind2="5">
    <subfield code="a">&#x62F;&#x631;&#x627;&#x633;&#x629; &#x645;&#x642;&#x627;&#x631;&#x646;&#x629; &#x628;&#x64A;&#x646; &#x62C;&#x631;&#x627;&#x62D;&#x629; &#x62A;&#x643;&#x645;&#x64A;&#x645; &#x627;&#x644;&#x645;&#x639;&#x62F;&#x629; &#x628;&#x627;&#x644;&#x645;&#x646;&#x638;&#x627;&#x631; &#x645;&#x642;&#x627;&#x628;&#x644; &#x62C;&#x631;&#x627;&#x62D;&#x629; &#x627;&#x644;&#x645;&#x641;&#x627;&#x63A;&#x631;&#x629; &#x627;&#x644;&#x644;&#x641;&#x627;&#x626;&#x641;&#x64A;&#x629; :</subfield>
    <subfield code="b">&#x62F;&#x631;&#x627;&#x633;&#x629; &#x62A;&#x642;&#x62F;&#x645;&#x64A;&#x629;</subfield>
  </datafield>
  <datafield tag="264" ind1=" " ind2="0">
    <subfield code="c">2025.</subfield>
  </datafield>
  <datafield tag="300" ind1=" " ind2=" ">
    <subfield code="a">144 pages : </subfield>
    <subfield code="b">illustrations ; </subfield>
    <subfield code="c">25 cm. + </subfield>
    <subfield code="e">CD.</subfield>
  </datafield>
  <datafield tag="336" ind1=" " ind2=" ">
    <subfield code="a">text</subfield>
    <subfield code="2">rda content</subfield>
  </datafield>
  <datafield tag="337" ind1=" " ind2=" ">
    <subfield code="a">Unmediated</subfield>
    <subfield code="2">rdamedia</subfield>
  </datafield>
  <datafield tag="338" ind1=" " ind2=" ">
    <subfield code="a">volume</subfield>
    <subfield code="2">rdacarrier</subfield>
  </datafield>
  <datafield tag="502" ind1=" " ind2=" ">
    <subfield code="a">Thesis (Ph.D)-Cairo University, 2025.</subfield>
  </datafield>
  <datafield tag="504" ind1=" " ind2=" ">
    <subfield code="a">Bibliography: pages 113-140.</subfield>
  </datafield>
  <datafield tag="520" ind1=" " ind2="3">
    <subfield code="a">Obesity has become a worldwide epidemic accompanied by significant 
adverse health effects Individuals with very high body mass index (BMI &gt; 40 
kg/m2) or obese subjects with BMI in the range of 35&#x2013;40 kg/m2 with one of the 
obesity-associated complications are elected for surgery. Additionally, patients 
with type 2 diabetes (T2DM) who have insufficient blood glucose control on 
traditional therapy may be referred to bariatric surgery even when having a BMI 
value below 35 kg/m2 .LSG proved effective in promoting weight loss for 
individuals with a BMI &lt; 50 kg/m2, those classified as having super obesity may 
encounter less favorable weight reduction outcomes after undergoing LSG. 

The Single Anastomosis Sleeve Ileal Bypass (SASI) procedure combines 
aspects of two well-established procedures: Sleeve Gastrectomy and Ileal 
Transposition. The additional step of rerouting a section of the small intestine 
typically the ileum, to connect with the remaining stomach. This rearrangement 
alters the normal digestive pathway, potentially influencing hormonal and 
metabolic factors. The goal is to enhance the positive effects on weight loss and 
metabolic health, particularly in relation to type 2 diabetes .While SASI bypass 
is still a relatively new procedure, early research suggests promising outcomes 
in terms of weight loss and metabolic improvement. </subfield>
  </datafield>
  <datafield tag="520" ind1=" " ind2="3">
    <subfield code="a">&#x623;&#x635;&#x628;&#x62D;&#x62A; &#x639;&#x645;&#x644;&#x64A;&#x629; &#x62A;&#x643;&#x645;&#x64A;&#x645; &#x627;&#x644;&#x645;&#x639;&#x62F;&#x629; &#x628;&#x627;&#x644;&#x645;&#x646;&#x638;&#x627;&#x631;  &#x628;&#x633;&#x628;&#x628; &#x633;&#x647;&#x648;&#x644;&#x62A;&#x647;&#x627; &#x627;&#x644;&#x62A;&#x642;&#x646;&#x64A;&#x629; &#x648;&#x627;&#x646;&#x62E;&#x641;&#x627;&#x636; &#x645;&#x639;&#x62F;&#x644;&#x627;&#x62A; &#x627;&#x644;&#x625;&#x635;&#x627;&#x628;&#x629; &#x648;&#x627;&#x644;&#x645;&#x636;&#x627;&#x639;&#x641;&#x627;&#x62A;&#x60C; &#x627;&#x644;&#x637;&#x631;&#x64A;&#x642;&#x629; &#x627;&#x644;&#x623;&#x643;&#x62B;&#x631; &#x627;&#x633;&#x62A;&#x62E;&#x62F;&#x627;&#x645;&#x64B;&#x627; &#x641;&#x64A; &#x627;&#x644;&#x639;&#x644;&#x627;&#x62C; &#x627;&#x644;&#x62C;&#x631;&#x627;&#x62D;&#x64A; &#x644;&#x644;&#x633;&#x645;&#x646;&#x629; &#x627;&#x644;&#x645;&#x641;&#x631;&#x637;&#x629;. &#x643;&#x645;&#x627; &#x623;&#x62B;&#x628;&#x62A;&#x62A; &#x623;&#x64A;&#x636;&#x627; &#x639;&#x645;&#x644;&#x64A;&#x629; &#x62A;&#x643;&#x645;&#x64A;&#x645; &#x627;&#x644;&#x645;&#x639;&#x62F;&#x629;  &#x641;&#x639;&#x627;&#x644;&#x64A;&#x62A;&#x647;&#x627; &#x641;&#x64A; &#x62A;&#x639;&#x632;&#x64A;&#x632; &#x641;&#x642;&#x62F;&#x627;&#x646; &#x627;&#x644;&#x648;&#x632;&#x646; &#x644;&#x62F;&#x649; &#x627;&#x644;&#x623;&#x641;&#x631;&#x627;&#x62F; &#x627;&#x644;&#x630;&#x64A;&#x646; &#x644;&#x62F;&#x64A;&#x647;&#x645; &#x645;&#x624;&#x634;&#x631; &#x643;&#x62A;&#x644;&#x629; &#x62C;&#x633;&#x645; &#x623;&#x642;&#x644; &#x645;&#x646; 50 &#x643;&#x62C;&#x645;/&#x645;2&#x60C; &#x648;&#x642;&#x62F; &#x64A;&#x648;&#x627;&#x62C;&#x647; &#x623;&#x648;&#x644;&#x626;&#x643; &#x627;&#x644;&#x645;&#x635;&#x646;&#x641;&#x648;&#x646; &#x639;&#x644;&#x649; &#x623;&#x646;&#x647;&#x645; &#x64A;&#x639;&#x627;&#x646;&#x648;&#x646; &#x645;&#x646; &#x633;&#x645;&#x646;&#x629; &#x645;&#x641;&#x631;&#x637;&#x629; &#x646;&#x62A;&#x627;&#x626;&#x62C; &#x623;&#x642;&#x644; &#x645;&#x644;&#x627;&#x621;&#x645;&#x629; &#x644;&#x641;&#x642;&#x62F;&#x627;&#x646; &#x627;&#x644;&#x648;&#x632;&#x646; &#x628;&#x639;&#x62F; &#x627;&#x644;&#x62E;&#x636;&#x648;&#x639; 
&#x644;&#x627; &#x62A;&#x632;&#x627;&#x644; &#x639;&#x645;&#x644;&#x64A;&#x629; &#x62A;&#x648;&#x635;&#x64A;&#x644; &#x627;&#x644;&#x627;&#x645;&#x639;&#x627;&#x621; &#x628;&#x646;&#x642;&#x637;&#x629; &#x648;&#x627;&#x62D;&#x62F;&#x629; &#x628;&#x639;&#x62F; &#x627;&#x644;&#x62A;&#x643;&#x645;&#x64A;&#x645; (SASI) &#x625;&#x62C;&#x631;&#x627;&#x621;&#x64B; &#x62C;&#x62F;&#x64A;&#x62F;&#x64B;&#x627; &#x646;&#x633;&#x628;&#x64A;&#x64B;&#x627;&#x60C; &#x648;&#x62A;&#x634;&#x64A;&#x631; &#x627;&#x644;&#x623;&#x628;&#x62D;&#x627;&#x62B; &#x627;&#x644;&#x645;&#x628;&#x643;&#x631;&#x629; &#x625;&#x644;&#x649; &#x646;&#x62A;&#x627;&#x626;&#x62C; &#x648;&#x627;&#x639;&#x62F;&#x629; &#x645;&#x646; &#x62D;&#x64A;&#x62B; &#x641;&#x642;&#x62F;&#x627;&#x646; &#x627;&#x644;&#x648;&#x632;&#x646; &#x648;&#x62A;&#x62D;&#x633;&#x64A;&#x646; &#x627;&#x644;&#x62A;&#x645;&#x62B;&#x64A;&#x644; &#x627;&#x644;&#x63A;&#x630;&#x627;&#x626;&#x64A;.
&#x623;&#x62C;&#x631;&#x64A;&#x646;&#x627; &#x62F;&#x631;&#x627;&#x633;&#x629; &#x645;&#x642;&#x627;&#x631;&#x646;&#x629; &#x645;&#x633;&#x62A;&#x642;&#x628;&#x644;&#x64A;&#x629; &#x634;&#x645;&#x644;&#x62A; 100 &#x645;&#x631;&#x64A;&#x636; &#x645;&#x64F;&#x635;&#x646;&#x641;&#x64A;&#x646; &#x625;&#x644;&#x649; &#x645;&#x62C;&#x645;&#x648;&#x639;&#x62A;&#x64A;&#x646;&#x60C; 50 &#x645;&#x631;&#x64A;&#x636;&#x64B;&#x627; &#x644;&#x643;&#x644; &#x645;&#x62C;&#x645;&#x648;&#x639;&#x629; &#x641;&#x64A; &#x645;&#x633;&#x62A;&#x634;&#x641;&#x64A;&#x627;&#x62A; &#x62C;&#x627;&#x645;&#x639;&#x629; &#x627;&#x644;&#x642;&#x627;&#x647;&#x631;&#x629; &#x628;&#x64A;&#x646; &#x64A;&#x646;&#x627;&#x64A;&#x631; 2024 &#x648;&#x64A;&#x648;&#x644;&#x64A;&#x648; 2025.
&#x641;&#x64A; &#x647;&#x630;&#x647; &#x627;&#x644;&#x62F;&#x631;&#x627;&#x633;&#x629;&#x60C; &#x647;&#x62F;&#x641;&#x646;&#x627; &#x625;&#x644;&#x649; &#x627;&#x644;&#x645;&#x642;&#x627;&#x631;&#x646;&#x629; &#x628;&#x64A;&#x646; &#x639;&#x645;&#x644;&#x64A;&#x629; &#x62A;&#x643;&#x645;&#x64A;&#x645; &#x627;&#x644;&#x645;&#x639;&#x62F;&#x629; &#x628;&#x627;&#x644;&#x645;&#x646;&#x638;&#x627;&#x631; (LSG) &#x648;&#x639;&#x645;&#x644;&#x64A;&#x629; &#x62A;&#x648;&#x635;&#x64A;&#x644; &#x627;&#x644;&#x627;&#x645;&#x639;&#x627;&#x621; &#x628;&#x646;&#x642;&#x637;&#x629; &#x648;&#x627;&#x62D;&#x62F;&#x629; &#x628;&#x639;&#x62F; &#x627;&#x644;&#x62A;&#x643;&#x645;&#x64A;&#x645; (SASI) &#x641;&#x64A; &#x641;&#x642;&#x62F;&#x627;&#x646; &#x627;&#x644;&#x648;&#x632;&#x646; &#x648;&#x627;&#x644;&#x623;&#x645;&#x631;&#x627;&#x636; &#x627;&#x644;&#x645;&#x635;&#x627;&#x62D;&#x628;&#x629;&#x60C; &#x648;&#x62E;&#x627;&#x635;&#x629; &#x627;&#x631;&#x62A;&#x641;&#x627;&#x639; &#x636;&#x63A;&#x637; &#x627;&#x644;&#x62F;&#x645; &#x648;&#x645;&#x631;&#x636; &#x627;&#x644;&#x633;&#x643;&#x631;&#x64A;.
 &#x623;&#x638;&#x647;&#x631;&#x62A; &#x627;&#x644;&#x646;&#x62A;&#x627;&#x626;&#x62C; &#x623;&#x646; &#x639;&#x645;&#x644;&#x64A;&#x629;  &#x62A;&#x648;&#x635;&#x64A;&#x644; &#x627;&#x644;&#x627;&#x645;&#x639;&#x627;&#x621; &#x628;&#x646;&#x642;&#x637;&#x629; &#x648;&#x627;&#x62D;&#x62F;&#x629; &#x628;&#x639;&#x62F; &#x627;&#x644;&#x62A;&#x643;&#x645;&#x64A;&#x645; (SASI) &#x623;&#x643;&#x62B;&#x631; &#x641;&#x639;&#x627;&#x644;&#x64A;&#x629; &#x641;&#x64A; &#x625;&#x646;&#x642;&#x627;&#x635; &#x627;&#x644;&#x648;&#x632;&#x646; &#x648;&#x646;&#x633;&#x628;&#x629; &#x641;&#x642;&#x62F;&#x627;&#x646; &#x627;&#x644;&#x648;&#x632;&#x646; &#x627;&#x644;&#x632;&#x627;&#x626;&#x62F; &#x648;&#x645;&#x624;&#x634;&#x631; &#x643;&#x62A;&#x644;&#x629; &#x627;&#x644;&#x62C;&#x633;&#x645; &#x628;&#x639;&#x62F; 6 &#x623;&#x634;&#x647;&#x631; &#x645;&#x646; &#x639;&#x645;&#x644;&#x64A;&#x629; &#x62A;&#x643;&#x645;&#x64A;&#x645; &#x627;&#x644;&#x645;&#x639;&#x62F;&#x629; &#x628;&#x627;&#x644;&#x645;&#x646;&#x638;&#x627;&#x631; (LSG). </subfield>
  </datafield>
  <datafield tag="530" ind1=" " ind2=" ">
    <subfield code="a">Issues also as CD.</subfield>
  </datafield>
  <datafield tag="546" ind1=" " ind2=" ">
    <subfield code="a">Text in English and abstract in Arabic &amp; English.</subfield>
  </datafield>
  <datafield tag="650" ind1=" " ind2="0">
    <subfield code="a">General Surgery</subfield>
  </datafield>
  <datafield tag="650" ind1=" " ind2="0">
    <subfield code="a">&#x627;&#x644;&#x62C;&#x631;&#x627;&#x62D;&#x629; &#x627;&#x644;&#x639;&#x627;&#x645;&#x629;</subfield>
  </datafield>
  <datafield tag="653" ind1=" " ind2="0">
    <subfield code="a">Both SASI and</subfield>
    <subfield code="a">LSG  sleeve ileal</subfield>
    <subfield code="a">bypass SASI </subfield>
  </datafield>
  <datafield tag="700" ind1="0" ind2=" ">
    <subfield code="a">Moataz Mohammed Aboelazam</subfield>
    <subfield code="e">thesis advisor.</subfield>
  </datafield>
  <datafield tag="700" ind1="0" ind2=" ">
    <subfield code="a">Ahmed Gamal Eldin Safina</subfield>
    <subfield code="e">thesis advisor.</subfield>
  </datafield>
  <datafield tag="700" ind1="0" ind2=" ">
    <subfield code="a">Mohanned Ali Fayed</subfield>
    <subfield code="e">thesis advisor.</subfield>
  </datafield>
  <datafield tag="900" ind1=" " ind2=" ">
    <subfield code="b">01-01-2025</subfield>
    <subfield code="c">Moataz Mohammed Aboelazam</subfield>
    <subfield code="c">Ahmed Gamal Eldin Safina</subfield>
    <subfield code="c">Mohanned Ali Fayed</subfield>
    <subfield code="U">Cairo University</subfield>
    <subfield code="F">faculty of Medicine</subfield>
    <subfield code="D">Department of General Surgery. </subfield>
  </datafield>
  <datafield tag="905" ind1=" " ind2=" ">
    <subfield code="a">Shimaa</subfield>
  </datafield>
  <datafield tag="942" ind1=" " ind2=" ">
    <subfield code="2">ddc</subfield>
    <subfield code="c">TH</subfield>
    <subfield code="e">21</subfield>
    <subfield code="n">0</subfield>
  </datafield>
  <datafield tag="999" ind1=" " ind2=" ">
    <subfield code="c">179943</subfield>
  </datafield>
  <datafield tag="952" ind1=" " ind2=" ">
    <subfield code="2">ddc</subfield>
    <subfield code="9">317625</subfield>
    <subfield code="a">CUCL</subfield>
    <subfield code="b">cl210</subfield>
    <subfield code="d">2026-05-03</subfield>
    <subfield code="i">93963</subfield>
    <subfield code="o">Cai01.11.14.Ph.D.2025.No.U</subfield>
    <subfield code="p">01010110093963000</subfield>
    <subfield code="r">2026-05-03 20:50:03</subfield>
    <subfield code="w">2026-05-03</subfield>
    <subfield code="y">TH</subfield>
  </datafield>
</record>
